<?xml version="1.0" encoding="UTF-8"?>
<record
    xmlns:xsi="http://www.w3.org/2001/XMLSchema-instance"
    xsi:schemaLocation="http://www.loc.gov/MARC21/slim http://www.loc.gov/standards/marcxml/schema/MARC21slim.xsd"
    xmlns="http://www.loc.gov/MARC21/slim">

  <leader>00376    a2200133   4500</leader>
  <controlfield tag="001">90389</controlfield>
  <datafield tag="082" ind1=" " ind2=" ">
    <subfield code="a">809.89282 DAR</subfield>
  </datafield>
  <datafield tag="090" ind1=" " ind2=" ">
    <subfield code="c">42709</subfield>
    <subfield code="d">42709</subfield>
  </datafield>
  <datafield tag="100" ind1=" " ind2=" ">
    <subfield code="a">Darlison Aleesah</subfield>
  </datafield>
  <datafield tag="245" ind1=" " ind2=" ">
    <subfield code="a">Unicorn Riders : Krystal's Choice</subfield>
    <subfield code="b">Krystal's Choice</subfield>
    <subfield code="c">illustrated by jill Brailsford</subfield>
  </datafield>
  <datafield tag="260" ind1=" " ind2=" ">
    <subfield code="a">London</subfield>
    <subfield code="b">Walker Books</subfield>
    <subfield code="c">2011</subfield>
  </datafield>
  <datafield tag="300" ind1=" " ind2=" ">
    <subfield code="a">125p.</subfield>
  </datafield>
  <datafield tag="500" ind1=" " ind2=" ">
    <subfield code="a">General Collection</subfield>
  </datafield>
  <datafield tag="942" ind1=" " ind2=" ">
    <subfield code="a">CAE NUST</subfield>
    <subfield code="k">809.89282 DAR</subfield>
  </datafield>
  <datafield tag="999" ind1=" " ind2=" ">
    <subfield code="c">325462</subfield>
    <subfield code="d">325462</subfield>
  </datafield>
  <datafield tag="952" ind1=" " ind2=" ">
    <subfield code="0">0</subfield>
    <subfield code="1">0</subfield>
    <subfield code="4">0</subfield>
    <subfield code="7">0</subfield>
    <subfield code="8">NFIC</subfield>
    <subfield code="a">CAE</subfield>
    <subfield code="b">CAE</subfield>
    <subfield code="d">2017-04-03</subfield>
    <subfield code="l">0</subfield>
    <subfield code="o">809.89282 DAR</subfield>
    <subfield code="p">CAE86277</subfield>
    <subfield code="r">2017-04-05</subfield>
    <subfield code="w">2017-04-05</subfield>
    <subfield code="y">BK</subfield>
  </datafield>
</record>
